| 000 | 00591nam a22002057a 4500 | ||
|---|---|---|---|
| 003 | URS | ||
| 005 | 20230411093757.0 | ||
| 008 | 170525b xxu||||| |||| 00| 0 eng d | ||
| 020 | _a0-7172-0713-7 | ||
| 040 | _aURS | ||
| 041 | _aeng | ||
| 050 | 0 | 0 |
_aAE 5 _b.N42 1982 |
| 245 | _aNew age encyclopedia | ||
| 264 | 1 |
_aChina _bLexicon Publications _c©1982 |
|
| 300 |
_a20 volumes : _billustrations ; _c26 cm |
||
| 500 | _aAlso published under the title of Encyclopedia international. | ||
| 504 | _aIncludes bibliographies. | ||
| 650 | 0 | _aEncyclopedias and dictionaries. | |
| 942 |
_2lcc _cREF |
||
| 999 |
_c69177 _d69176 |
||